SULTAN KILIÇ ARSLAN (Kayıt no. 760262)

MARC ayrıntıları
000 -LEADER
sabit uzunluktaki kontrol alanı 00261nam a2200097Ia 4500
001 - KONTROL NUMARASI
kontrol alanı 760262
005 - EN SON İŞLEMİN TARİH VE ZAMANI
kontrol alanı 20250826165145.0
008 - SABİT-UZUNLUKTA VERİ ÖĞELERİ--GENEL BİLGİ
sabit uzunluktaki kontrol alanı 250824s9999 xx 000 0 und d
245 #0 - ESER / YAZAR
ESER ADI SULTAN KILIÇ ARSLAN
Yazar Adı HASAN BAYRAKTAR
260 ## - YAYIN, DAĞITIM, VB.
YAYIN EVİ SELÇUKLU BELEDİYESİ YAYINLARI
Mevcut
Düşüm durumu Kayıp durumu Hasar Durumu Ödünç verilmez Ana kütüphane Geçerli Kütüphane Edinilen tarih Toplam ödünç verme sayısı Barkod Son görüntüleme tarihi Fiyatın geçerli olmaya başladığı tarih Koha materyal türü
        BOSNA HERSEK ANADOLU İMAM HATİP LİSESİ BOSNA HERSEK ANADOLU İMAM HATİP LİSESİ 24.08.2025   10355371 26.08.2025 26.08.2025 Kitaplar
Gemini Bilgi Teknolojileri A.Ş. tarafından düzenlenmiştir.